000 00646nab a2200205 a 4500
005 20210219161556.0
008 991125s1985 mx 000 0 spa u
035 _aUPN01000187766
100 1 _aOchoa Tinoco, Cuauhtémoc
222 _aREENCUENTRO :
222 _bANALISIS DE PROBLEMAS UNIVERSITARIOS
245 _aAbriendo brecha en el olvido : la vinculación entre universidad y comunidad : la experiencia UACM-PAPO Cuauhtepec
260 _aMéxico
300 _a88-91
362 0 _a2012 Año 22, no. 162, dic.
653 0 _aEXTENSION UNIVERSITARIA
653 0 _aIMPACTO SOCIAL
653 0 _aMEMORIA HISTORICA
905 _aArticulo
999 _c159869
_d159869